Виброгаситель с квазинулевой жесткостью; Современные проблемы машиностроения

গ্রন্থ-পঞ্জীর বিবরন
Parent link:Современные проблемы машиностроения.— 2019.— [С. 286-289]
সংস্থা লেখক: Национальный исследовательский Томский политехнический университет Юргинский технологический институт, Национальный исследовательский Томский политехнический университет Инженерная школа новых производственных технологий Отделение материаловедения, Национальный исследовательский Томский политехнический университет Инженерная школа неразрушающего контроля и безопасности Отделение контроля и диагностики
অন্যান্য লেখক: Кузнецов М. А. Максим Александрович, Кувшинов К. А. Кирилл Александрович, Гаврилин А. Н. Алексей Николаевич, Мойзес Б. Б. Борис Борисович
সংক্ষিপ্ত:Заглавие с экрана
ভাষা:রুশ
প্রকাশিত: 2019
মালা:Автоматизация и моделирование технологических процессов
বিষয়গুলি:
অনলাইন ব্যবহার করুন:http://earchive.tpu.ru/handle/11683/57011
বিন্যাস: MixedMaterials বৈদ্যুতিক গ্রন্থের অধ্যায়
KOHA link:https://koha.lib.tpu.ru/cgi-bin/koha/opac-detail.pl?biblionumber=630611

MARC

LEADER 00000naa2a2200000 4500
001 630611
005 20240117115010.0
035 |a (RuTPU)RU\TPU\conf\31774 
035 |a RU\TPU\conf\31773 
090 |a 630611 
100 |a 20191127a2019 k y0rusy50 ca 
101 0 |a rus 
102 |a RU 
105 |a y z 100zy 
135 |a drgn ---uucaa 
181 0 |a i  
182 0 |a b 
200 1 |a Виброгаситель с квазинулевой жесткостью  |f М. А. Кузнецов [и др.] 
203 |a Текст  |c электронный 
225 1 |a Автоматизация и моделирование технологических процессов 
300 |a Заглавие с экрана 
320 |a [Библиогр.: с. 289 (4 назв.)] 
463 0 |0 (RuTPU)RU\TPU\conf\31687  |t Современные проблемы машиностроения  |o сборник научных трудов XII Международной научно-технической конференции, г. Томск, 28 октября - 1 ноября 2019 г.  |f Национальный исследовательский Томский политехнический университет (ТПУ) ; под ред. А. Ю. Арляпова [и др.]  |v [С. 286-289]  |d 2019 
610 1 |a электронный ресурс 
610 1 |a труды учёных ТПУ 
610 1 |a виброгасители 
610 1 |a квазинулевая жесткость 
610 1 |a виброзащитные системы 
610 1 |a вибрация 
610 1 |a вибродемпфирование 
610 1 |a виброизоляция 
610 1 |a виброгашение 
610 1 |a нелинейное поведение 
701 1 |a Кузнецов  |b М. А.  |c специалист в области сварочного производства  |c доцент Юргинского технологического института (филиала) Томского политехнического университета, кандидат технических наук  |f 1985-  |g Максим Александрович  |3 (RuTPU)RU\TPU\pers\29708  |9 14202 
701 1 |a Кувшинов  |b К. А.  |c специалист в области материаловедения  |c старший преподаватель Томского политехнического университета  |f 1983-  |g Кирилл Александрович  |3 (RuTPU)RU\TPU\pers\27291 
701 1 |a Гаврилин  |b А. Н.  |c специалист в области машиностроения  |c доцент Томского политехнического университета, кандидат технических наук  |f 1960-  |g Алексей Николаевич  |3 (RuTPU)RU\TPU\pers\28206  |9 13160 
701 1 |a Мойзес  |b Б. Б.  |c специалист в области машиностроения  |c доцент Томского политехнического университета, кандидат технических наук  |f 1975-  |g Борис Борисович  |3 (RuTPU)RU\TPU\pers\26722  |9 12380 
712 0 2 |a Национальный исследовательский Томский политехнический университет  |b Юргинский технологический институт  |c (2009- )  |3 (RuTPU)RU\TPU\col\15903 
712 0 2 |a Национальный исследовательский Томский политехнический университет  |b Инженерная школа новых производственных технологий  |b Отделение материаловедения  |3 (RuTPU)RU\TPU\col\23508 
712 0 2 |a Национальный исследовательский Томский политехнический университет  |b Инженерная школа неразрушающего контроля и безопасности  |b Отделение контроля и диагностики  |3 (RuTPU)RU\TPU\col\23584 
801 2 |a RU  |b 63413507  |c 20191129  |g RCR 
856 4 |u http://earchive.tpu.ru/handle/11683/57011 
942 |c BK